Jan Paweł II - Statystyki

Ogólne statystyki
  • Ten quiz został rozwiązany 453 razy
  • Średni wynik to 6 z 9
Statystyki odpowiedzi
Pytanie Odpowiedź % Poprawnych
o której godzinnie umarł? 21:37
91%
jak miał na imie papież? Karol Wojtyła
90%
Gdzie się urodził? Wadowice
89%
Jakie było ulubione ciastko Karola Wojtyły? Kremówka
87%
w którym roku został papieżem? 1978
75%
W którym roku został kanonizowany 2014
58%
Kiedy umarł 2 kwietnia 2005
46%
Data urodzenia papieża polaka 18 maja 1920
32%
Co początkowo studiował Karol Wojtyła? Polonistykę
22%
Nie znaleziono quizów pasujących do podanych kryteriów
Rozkład punktacji
Procent ludzi z każdym wynikiem
Percentyl według liczby udzielonych odpowiedzi
Twoja historia wyników
Nie rozwiązałeś tego quizu